|
|
|
|
| LEADER |
00000cam a2200000 a 4500 |
| 001 |
UCP7610 |
| 003 |
CL-VaPUC |
| 008 |
991217e19690000SP |||||||||||||||||spa|d |
| 082 |
0 |
4 |
|a 330.0946
|b ANE
|2 21
|
| 100 |
|
|
|a Anes Alvarez, Gonzalo
|e author
|9 470433
|
| 245 |
1 |
0 |
|a Economía e ilustración en la España del siglo XVIII
|
| 250 |
|
|
|a 1a. ed
|
| 300 |
|
|
|a 215 p
|
| 942 |
|
|
|c BK
|
| 945 |
|
|
|d 19991217 00:00:00
|a crobeson
|
| 260 |
|
|
|a Barcelona
|b Ariel
|c 1969
|
| 650 |
|
7 |
|a HISTORIA ECONOMICA SIGLO 18
|2 CL-VaPUC
|9 325904
|
| 650 |
|
0 |
|a Ilustración
|9 313124
|
| 650 |
|
0 |
|a Revolución francesa
|9 324244
|
| 651 |
|
0 |
|a España
|9 254926
|
| 583 |
|
|
|a last modification
|c 20160615 04:15:51
|k Rodrigo Vera
|
| 999 |
|
|
|c 284730
|d 284728
|
| 952 |
|
|
|0 0
|1 0
|4 0
|6 330_094600000000000_ANE_1969
|7 0
|8 A
|9 328919
|a BIBHIS
|b BIBHIS
|d 2019-11-20
|i 1372645
|o 330.0946 ANE 1969
|p 1372645
|r 2025-01-20
|w 2019-11-20
|y BK
|k HIS
|
| 952 |
|
|
|0 0
|1 0
|4 0
|6 330_094600000000000_ANE_1969
|7 0
|8 A
|9 328920
|a BIBHIS
|b BIBHIS
|d 2019-11-20
|i 1372653
|o 330.0946 ANE 1969
|p 1372653
|r 2025-01-20
|w 2019-11-20
|y BK
|k HIS
|
| 952 |
|
|
|0 0
|1 0
|3 erb
|4 0
|6 330_094600000000000_ANE_1969
|7 0
|8 A
|9 328921
|a FDOHBE
|b FDOHBE
|e Huesbe Llanos, Marco Antonio, 1934-
|i 5310032
|o 330.0946 ANE 1969
|p 5310032
|r 2024-01-30
|w 2019-11-20
|y BK
|z Catalogado en:20160616
|k HBE
|